000 00300nam a2200121Ia 4500
008 190216s9999||||xx |||||||||||||| ||und||
100 _aRowland I Reed
245 0 _aModern Aspects Of Mass Spectrometry
260 _bPlenum Press
_c1968
300 _a389p
650 _aChemistry-Chemistry
942 _cBK
999 _c2439
_d2439